ბათუმის შოთა რუსთაველის სახელმწიფო უნივერსიტეტის ბიბლიოთეკა

საპროცესო უზრუნველყოფა, როგორც აღსრულებადი გადაწყვეტილების მიღების წინაპირობა / (ბიბ.ჩანაწერი № 57771)

000 -ლიდერი
ფიქსირებული სიგრძის საკონტროლო ველი 01228nam a22002297a 4500
003 - საკონტროლო ნომრის იდენტიფიკატორი
საკონტროლო ველი Ge_BSU
005 - ბოლო ოპერაციის თარიღი და დრო
საკონტროლო ველი 20201112131730.0
008 - ფიქსირებული სიგრძის მონაცემთა ელემენტები - ზოგადი ინფორმაცია
ფიქსირებული სიგრძის საკონტროლო ველი 201112s2020 ge ||||| |||| 00| 0 geo d
020 ## - წიგნის საერთაშორისო სტანდარტული ნომერი
International Standard Book Number 9789941969874
041 ## - ენის კოდი
Language code of text/sound track or separate title geo
080 ## - უნივერსალური ათობითი კლასიფიკაციის ინდექსი
Universal Decimal Classification number 347.9 კ-25
100 ## - მთავარი ჩანაწერი - პიროვნების სახელი
Personal name კაჟაშვილი, გულიკო
9 (RLIN) 9737
245 ## - ცნობა სათაურის შესახებ
Title საპროცესო უზრუნველყოფა, როგორც აღსრულებადი გადაწყვეტილების მიღების წინაპირობა /
Statement of responsibility, etc ავტ. გულიკო კაჟაშვილი. რედ. ზურაბ ძლიერიშვილი.
264 ## - წარმოების, გამოცემის, დისტრიბუციის და სხვა ცნობები
გამოცემის, წარმოების, დისტრიბუციის... ადგილი თბილისი :
გამოცემის, წარმოების, დისტრიბუციის... სახელწოდება იურისტის სამყარო,
გამოცემის, წარმოების, დისტრიბუციის... თარიღი 2020.
300 ## - ფიზიკური აღწერა
Extent 248 გვ.
Other physical details 20 სმ.
504 ## - BIBLIOGRAPHY, ETC. NOTE
Bibliography, etc ბიბლიოგრ. გვ. 228-244
653 ## - INDEX TERM--UNCONTROLLED
Uncontrolled term სამართალი
653 ## - INDEX TERM--UNCONTROLLED
Uncontrolled term საპროცესო უზრუნველყოფა
700 ## - ADDED ENTRY--PERSONAL NAME
Personal name ძლიერიშვილი, ზურაბ
Relator term რედაქტორი
9 (RLIN) 8152
856 ## - ELECTRONIC LOCATION AND ACCESS
Uniform Resource Identifier https://glip.ge/wp-content/uploads/2020/01/Guliko_Kazhashvili.pdf
Link text სრული ტექსტი
942 ## - ADDED ENTRY ELEMENTS (KOHA)
Source of classification or shelving scheme
Koha item type წიგნი
ეგზემპლარები
ჩამოწერის სტატუსი დაკარგული ეგზემპლარის სტატუსი კლასიფიკაციის წყარო ან თაროზე გაწყობის სქემა დაზიანების სტატუსი არ გაიცემა მუდმივი მდებარეობა (დაცვის ადგილი) ამჟამინდელი ადგილსამყოფელი თაროზე განთავსების ადგილი შეძენის თარიღი ღირებულება, შესყიდვის ნორმალური ფასი სრული შენახვის შიფრი შტრიხკოდი ბოლო ოპერაციის თარიღი ეგზემპლარის მიმდევრობითი ნომერი (კეტერი?) ფასის ძალაში შესვლის თარიღი ეგზემპლარის სახეობა საჯარო შენიშვნა
          ბათუმის შოთა რუსთაველის სახელმწიფო უნივერსიტეტის მთავარი ბიბლიოთეკა ბათუმის შოთა რუსთაველის სახელმწიფო უნივერსიტეტის მთავარი ბიბლიოთეკა წიგნსაცავი 2020-11-12 10.00 347.9 კ-25 61113 2020-11-12 61113 2020-11-12 წიგნი 10 ლ.